|
|
|
|
| LEADER |
00000nam a2200000Ii 4500 |
| 001 |
DIGEPUJ0503 |
| 003 |
NyNyDIG |
| 006 |
m o d |
| 007 |
cr ||||||||||| |
| 008 |
260205s2025 ck ob 000 0 spa d |
| 035 |
|
|
|a (OCoLC)1543213614
|
| 040 |
|
|
|a DGITA
|b eng
|e rda
|e pn
|c DGITA
|
| 020 |
|
|
|a 9786285020506
|q (digital)
|
| 024 |
7 |
|
|a https://www.javeriana.edu.co/editorial/w/etica-antropoceno
|
| 050 |
1 |
4 |
|a LB2395.7 ebook
|
| 100 |
1 |
|
|a Cortés S., Carlos Eduardo,
|e author.
|
| 245 |
1 |
0 |
|a Ética para el antropoceno :
|b la universidad del siglo XXI ante la transformación digital y la inteligencia artificial /
|c Carlos Eduardo Cortés S.
|
| 246 |
3 |
0 |
|a Universidad del siglo XXI ante la transformación digital y la inteligencia artificial
|
| 250 |
|
|
|a Primera edición.
|
| 264 |
|
1 |
|a Bogotá :
|b Editorial Pontificia Universidad Javeriana,
|c [2025]
|
| 300 |
|
|
|a 1 online resource.
|
| 336 |
|
|
|a text
|b txt
|2 rdacontent
|
| 337 |
|
|
|a computer
|b c
|2 rdamedia
|
| 338 |
|
|
|a online resource
|b cr
|2 rdacarrier
|
| 347 |
|
|
|a text file
|2 rdaft
|
| 347 |
|
|
|b PDF
|
| 504 |
|
|
|a Includes bibliographical references.
|
| 588 |
0 |
|
|a Online resource; title from PDF title page (Digitalia, viewed February 5, 2026)
|
| 650 |
|
0 |
|a Education, Higher
|x Effect of technological innovations on.
|
| 650 |
|
0 |
|a Information society.
|
| 650 |
|
0 |
|a Educational innovations.
|
| 650 |
|
0 |
|a Artificial intelligence.
|
| 791 |
2 |
|
|a Digitalia (Firm),
|e distributor.
|
| 793 |
0 |
|
|g Digitalia eBook Collection:
|a Pontificia Universidad Javeriana
|
| 856 |
4 |
0 |
|3 Digitalia Hispánica
|u https://www.digitaliapublishing.com/a/182536/
|
| 910 |
|
|
|a Premium collection: 2026
|